000 00430cam a2200145 4500500
005 20251012004258.0
041 _afre
042 _adc
100 1 0 _aM’Bondjo, Maud
_eauthor
245 0 0 _aLivres
260 _c2025.
500 _a69
786 0 _nSciences Humaines | 378 | 4 | 2025-04-22 | p. 84-97 | 0996-6994
856 4 1 _uhttps://shs.cairn.info/magazine-sciences-humaines-2025-4-page-84?lang=fr&redirect-ssocas=7080
999 _c1515037
_d1515037